00775nam a2200241Ia 4500008004000000020001800040041000800058082001600066100002400082245005100106260004500157300001200202650001300214650001300227650001400240650001000254650001300264650000800277690002500285906001100310999001900321952019300340210210b2014 xxu||||| |||| 00| 0 eng d a9788129134561 aeng a820.43 KALR aKALAM (A P J Abdul) aRighteous life: selected writings and lectures aNew DelhibRupa Publications Indiac2014 axvi,226 awritings aselected aRighteous alife: alectures aand aIndian English Prose a069782 c119357d119357 001040708EnglishaALbALcEnglish Literatured2021-02-17eNavakarnataka Publication Pvt Ltd Mangaloreg295.00l5m1o820.43 KALRp069782r2025-12-16 10:24:12s2025-12-08w2021-02-17yBK